[Event "Ruhrgebiet Verbandsliga Gruppe 2 1819"]
[Site "Nordrheinwestfalen"]
[Date "2019.05.05"]
[Round "9.1"]
[White "Wichtrup, Jan Louis"]
[Black "Nautsch, Werner"]
[Result "1-0"]
[WhiteElo "2034"]
[BlackElo "2013"]
[PlyCount "73"]
[EventDate "2018.09.23"]
[EventType "team-tourn"]
[EventRounds "9"]
[EventCountry "GER"]
[SourceTitle "EXT 2022"]
[Source "ChessBase"]
[SourceDate "2021.10.06"]
[SourceVersion "1"]
[SourceVersionDate "2021.10.06"]
[SourceQuality "1"]
[WhiteTeam "Dortmund SV"]
[BlackTeam "Essen Katernberg III"]
[WhiteTeamCountry "GER"]
[BlackTeamCountry "GER"]

1. d4 d5 2. c4 c6 3. cxd5 cxd5 4. Nc3 Nf6 5. Bf4 Bd7 6. e3 e6 7. Bd3 Be7 8. Nf3 0-0 9. 0-0 Nc6 10. h3 a6 11. Qe2 Rc8 12. Rfc1 Nh5 13. Bh2 g6 14. a3 Na5 15. Nd2 b5 16. b4 Nc4 17. Nb3 Nxa3 18. Rxa3 Bxb4 19. Rxa6 Rxc3 20. Rxc3 Bxc3 21. Bxb5 Bxb5 22. Qxb5 Nf6 23. Nc5 Ne4 24. Nxe4 dxe4 25. Bd6 Re8 26. Rc6 Ba5 27. Ra6 Be1 28. Rb6 Qa8 29. Kf1 Bd2 30. Ke2 Bc3 31. Ra6 Qd8 32. Ra3 Qc8 33. Rxc3 Qxc3 34. Qxe8+ Kg7 35. Bf8+ Kf6 36. Qe7+ Kf5 37. g4# 1-0

[Event "Ruhrgebiet Verbandsliga Gruppe 2 1819"]
[Site "Nordrheinwestfalen"]
[Date "2019.03.10"]
[Round "7.3"]
[White "Berg, Dietmar"]
[Black "Nautsch, Werner"]
[Result "0-1"]
[WhiteElo "1965"]
[BlackElo "2020"]
[PlyCount "66"]
[EventDate "2018.09.23"]
[EventType "team-tourn"]
[EventRounds "9"]
[EventCountry "GER"]
[SourceTitle "EXT 2022"]
[Source "ChessBase"]
[SourceDate "2021.10.06"]
[SourceVersion "1"]
[SourceVersionDate "2021.10.06"]
[SourceQuality "1"]
[WhiteTeam "Gladbeck SG"]
[BlackTeam "Essen Katernberg III"]
[WhiteTeamCountry "GER"]
[BlackTeamCountry "GER"]

1. d4 d5 2. Nf3 Bg4 3. Ne5 Bf5 4. e3 Nd7 5. f4 f6 6. Bd3 Bxd3 7. Nxd3 e6 8. 0-0 Bd6 9. Nd2 Nh6 10. e4 0-0 11. exd5 exd5 12. Qh5 c6 13. Qh3 f5 14. Nf3 c5 15. c3 cxd4 16. Nxd4 Bc5 17. Nxc5 Nxc5 18. Be3 Qe7 19. Rae1 Ne4 20. Nb3 Qf7 21. Kh1 Ng4 22. Qh4 Rfe8 23. Bd4 Re6 24. Rxe4 dxe4 25. Bg1 Rae8 26. h3 e3 27. Nd4 Rh6 28. Qg3 Qd5 29. Nf3 Nf6 30. Ne5 e2 31. Re1 Nh5 32. Qg5 Nxf4 33. Ng4 Qxg2# 0-1

[Event "Ruhrgebiet Verbandsliga Gruppe 2 1819"]
[Site "Nordrheinwestfalen"]
[Date "2018.11.04"]
[Round "3.3"]
[White "Garbuz, Vitaliy"]
[Black "Nautsch, Werner"]
[Result "0-1"]
[WhiteElo "2109"]
[BlackElo "2020"]
[PlyCount "88"]
[EventDate "2018.09.23"]
[EventType "team-tourn"]
[EventRounds "9"]
[EventCountry "GER"]
[SourceTitle "EXT 2022"]
[Source "ChessBase"]
[SourceDate "2021.10.06"]
[SourceVersion "1"]
[SourceVersionDate "2021.10.06"]
[SourceQuality "1"]
[WhiteTeam "Brackel SF III"]
[BlackTeam "Essen Katernberg III"]
[WhiteTeamCountry "GER"]
[BlackTeamCountry "GER"]

1. e4 d6 2. d4 g6 3. Nc3 Bg7 4. f4 Nd7 5. Nf3 c5 6. Be3 b6 7. Bc4 Bb7 8. f5 cxd4 9. Bxd4 Ngf6 10. Ng5 0-0 11. Qe2 Nh5 12. Bxg7 Nxg7 13. 0-0 Ne5 14. fxg6 hxg6 15. Bb3 e6 16. Qe3 Qe7 17. Rad1 Ba6 18. Rfe1 Rac8 19. Qg3 Bc4 20. Qh4 Nh5 21. Bxc4 Rxc4 22. Rf1 f6 23. Nf3 Nxf3+ 24. Rxf3 d5 25. Qg4 Kg7 26. Qh4 Qc5+ 27. Qf2 Qxf2+ 28. Rxf2 dxe4 29. Rd7+ Rf7 30. Rfd2 f5 31. Rxf7+ Kxf7 32. Rd7+ Kf6 33. Rxa7 Nf4 34. Rd7 Ke5 35. Rb7 Nd5 36. Nxd5 exd5 37. c3 d4 38. cxd4+ Kxd4 39. Rxb6 e3 40. Rd6+ Ke4 41. Rd1 e2 42. Rb1 Ke3 43. b4 Rd4 44. Rb3+ Rd3 0-1

[Event "NRW Class2 1718"]
[Site "Germany"]
[Date "2018.03.11"]
[Round "7.7"]
[White "Steffens, Klaus"]
[Black "Nautsch, Werner"]
[Result "1/2-1/2"]
[WhiteElo "1864"]
[BlackElo "2065"]
[PlyCount "31"]
[EventDate "2017.09.17"]
[EventType "team-tourn"]
[EventRounds "9"]
[EventCountry "GER"]
[SourceTitle "EXT 2019"]
[Source "ChessBase"]
[SourceDate "2018.10.10"]
[SourceVersion "1"]
[SourceVersionDate "2018.10.10"]
[SourceQuality "1"]
[WhiteTeam "Siegburg"]
[BlackTeam "Essen Katernberg  II"]
[WhiteTeamCountry "GER"]
[BlackTeamCountry "GER"]

1. Nf3 g6 2. d4 Bg7 3. g3 d6 4. Bg2 Nf6 5. 0-0 0-0 6. b3 c5 7. e3 Nbd7 8. Bb2 Rb8 9. c4 a6 10. Nbd2 b5 11. Qe2 b4 12. Ne1 Qc7 13. Nd3 e6 14. dxc5 dxc5 15. e4 Rd8 16. f4 1/2-1/2

[Event "NRW Class2 1718"]
[Site "Germany"]
[Date "2017.12.17"]
[Round "4.7"]
[White "Bruchmann, Norbert"]
[Black "Nautsch, Werner"]
[Result "1-0"]
[WhiteElo "1996"]
[BlackElo "2065"]
[PlyCount "143"]
[EventDate "2017.09.17"]
[EventType "team-tourn"]
[EventRounds "9"]
[EventCountry "GER"]
[SourceTitle "EXT 2019"]
[Source "ChessBase"]
[SourceDate "2018.10.10"]
[SourceVersion "1"]
[SourceVersionDate "2018.10.10"]
[SourceQuality "1"]
[WhiteTeam "Ennepe Ruhr Sued"]
[BlackTeam "Essen Katernberg  II"]
[WhiteTeamCountry "GER"]
[BlackTeamCountry "GER"]

1. e4 c5 2. Nc3 Nc6 3. f4 e6 4. Nf3 d5 5. Bb5 d4 6. Bxc6+ bxc6 7. Nb1 Nf6 8. d3 Be7 9. 0-0 0-0 10. Qe1 Nd7 11. Nbd2 f6 12. b3 Qc7 13. g3 Nb6 14. a4 Bd7 15. Ba3 Rae8 16. a5 Nc8 17. Nc4 Rf7 18. Nb2 Qb8 19. Na4 Qb5 20. Bc1 Bd8 21. Bd2 Nd6 22. Nb2 Qb8 23. Ra4 Nb5 24. Nc4 Bc7 25. Qa1 Qd8 26. a6 e5 27. f5 g6 28. Nh4 Kg7 29. Qe1 Qe7 30. g4 Rh8 31. Qe2 g5 32. Nf3 Kg8 33. Rf2 h5 34. gxh5 Rfh7 35. Rg2 Rxh5 36. Ra1 Be8 37. Kh1 Qh7 38. Rag1 Bd8 39. Na5 Rh3 40. Rg3 Nc7 41. Qg2 Rxg3 42. Qxg3 Nxa6 43. Nc4 Kf8 44. Ba5 Bxa5 45. Nxa5 Nb4 46. Nxe5 Qh3 47. Ng4 Qxg3 48. Rxg3 Ke7 49. Nb7 Nxc2 50. Nxc5 Bf7 51. Rg2 Nb4 52. Rg1 Rh4 53. Nf2 Kd6 54. Rc1 Rf4 55. Kg2 Bh5 56. Rc4 a5 57. Ne6 Rh4 58. Rxd4+ Ke5 59. Rd8 c5 60. Rc8 Nxd3 61. Nxd3+ Kxe4 62. Nexc5+ Kxf5 63. Nf2 Rf4 64. Ncd3 Rd4 65. Rc5+ Kg6 66. Rxa5 Be2 67. Nc5 f5 68. Ra2 Bb5 69. h3 Bc6+ 70. Kh2 g4 71. hxg4 fxg4 72. Ra6 1-0

[Event "Ruhrgebiet Regionalliga 1617"]
[Site "Germany"]
[Date "2017.03.19"]
[Round "8.4"]
[White "Goldschmidt, Christian"]
[Black "Nautsch, Werner"]
[Result "1/2-1/2"]
[WhiteElo "2145"]
[BlackElo "2070"]
[PlyCount "142"]
[EventDate "2016.09.11"]
[EventType "team-tourn"]
[EventRounds "9"]
[EventCountry "GER"]
[SourceTitle "EXT 2022"]
[Source "ChessBase"]
[SourceDate "2021.10.06"]
[SourceVersion "1"]
[SourceVersionDate "2021.10.06"]
[SourceQuality "1"]
[WhiteTeam "Brackel SF"]
[BlackTeam "Katernberg SF III"]
[WhiteTeamCountry "GER"]
[BlackTeamCountry "GER"]

1. e4 d6 2. d4 g6 3. Nc3 Bg7 4. f4 c6 5. Nf3 Nf6 6. Bd3 0-0 7. 0-0 b5 8. Kh1 b4 9. Ne2 Ba6 10. a3 Bxd3 11. Qxd3 bxa3 12. Rxa3 Nbd7 13. Ng3 e6 14. Be3 Qc7 15. Bg1 Rfb8 16. b3 Bf8 17. Ra2 d5 18. e5 Ne8 19. Ng5 Ng7 20. f5 exf5 21. Nxf5 Ne6 22. Nxe6 fxe6 23. Nh4 Bg7 24. Qh3 Nf8 25. Nf3 Qf7 26. Nd2 Qe7 27. Be3 Nd7 28. Nf3 Rf8 29. Rfa1 Rf5 30. g4 Rff8 31. Rxa7 Rxa7 32. Rxa7 h6 33. Kg2 g5 34. Qg3 Qf7 35. Qf2 Qe8 36. Qe2 Qf7 37. Rc7 Qe8 38. Qd3 Qf7 39. Nd2 c5 40. c3 Nxe5 41. Rxf7 Nxd3 42. Rxf8+ Bxf8 43. dxc5 Bxc5 44. Bxc5 Nxc5 45. Kf3 Kf7 46. c4 dxc4 47. bxc4 Ke7 48. Ke3 Nd7 49. Kd4 Kd6 50. Ne4+ Kc6 51. Nd2 Kd6 52. Nf3 e5+ 53. Ke4 Ke6 54. h3 Nf6+ 55. Ke3 Kd6 56. Nd2 Ke6 57. Ne4 Nd7 58. Kd3 Nf8 59. Kc3 Kd7 60. c5 Ne6 61. Kc4 Kc6 62. Nd6 Nd8 63. Nf5 Nf7 64. Ne3 Nd8 65. Nc2 Ne6 66. Nb4+ Kd7 67. Kd5 Nf4+ 68. Kxe5 Nxh3 69. c6+ Kc7 70. Kd5 Nf4+ 71. Ke5 h5 1/2-1/2

[Event "Ruhrgebiet Regionalliga 1617"]
[Site "Germany"]
[Date "2017.02.05"]
[Round "6.4"]
[White "Wichtrup, Jan Louis"]
[Black "Nautsch, Werner"]
[Result "1/2-1/2"]
[WhiteElo "1905"]
[BlackElo "2070"]
[PlyCount "113"]
[EventDate "2016.09.11"]
[EventType "team-tourn"]
[EventRounds "9"]
[EventCountry "GER"]
[SourceTitle "EXT 2022"]
[Source "ChessBase"]
[SourceDate "2021.10.06"]
[SourceVersion "1"]
[SourceVersionDate "2021.10.06"]
[SourceQuality "1"]
[WhiteTeam "Dortmund SV"]
[BlackTeam "Katernberg SF III"]
[WhiteTeamCountry "GER"]
[BlackTeamCountry "GER"]

1. d4 d5 2. c4 c6 3. Nf3 Nf6 4. e3 e6 5. Nbd2 Nbd7 6. Bd3 Be7 7. 0-0 0-0 8. e4 dxe4 9. Nxe4 Nxe4 10. Bxe4 Re8 11. Ne5 Nf8 12. Be3 f6 13. Nd3 f5 14. Bf3 Bf6 15. Ne5 Ng6 16. Nxg6 hxg6 17. Qd2 g5 18. g3 f4 19. gxf4 gxf4 20. Bxf4 Qxd4 21. Rab1 Qxc4 22. Rfe1 Rd8 23. Qe3 Qd3 24. Bg4 Qxe3 25. Rxe3 e5 26. Bxc8 exf4 27. Be6+ Kf8 28. Re4 Rd4 29. Rxd4 Bxd4 30. Rd1 Rd8 31. Rd2 Ke7 32. Bg4 c5 33. a4 Rd6 34. b3 a6 35. Kg2 Rb6 36. Rd3 Kd6 37. Be2 Rb4 38. Rh3 b5 39. axb5 axb5 40. Rd3 Ke5 41. Bd1 c4 42. bxc4 bxc4 43. Rd2 c3 44. Re2+ Kd5 45. Kf3 g5 46. Kg4 Rb1 47. Bc2 Rg1+ 48. Kh5 g4 49. Bf5 f3 50. Rc2 Ke5 51. Kg5 Rg2 52. Bd3 Bxf2 53. Rxc3 Be1 54. Rc4 g3 55. Re4+ Kd5 56. hxg3 Bxg3 57. Rg4 1/2-1/2

[Event "Ruhrgebiet Verbandsliga 1516 Relegation"]
[Site "Germany"]
[Date "2016.06.26"]
[Round "1.2"]
[White "Happel, Heiner"]
[Black "Nautsch, Werner"]
[Result "1-0"]
[WhiteElo "2158"]
[BlackElo "2080"]
[PlyCount "77"]
[EventDate "2016.06.26"]
[EventType "team-match"]
[EventRounds "1"]
[EventCountry "GER"]
[SourceTitle "EXT 2022"]
[Source "ChessBase"]
[SourceDate "2021.10.06"]
[SourceVersion "1"]
[SourceVersionDate "2021.10.06"]
[SourceQuality "1"]
[WhiteTeam "Hamm Koenigsspringer"]
[BlackTeam "Katernberg SF III"]
[WhiteTeamCountry "GER"]
[BlackTeamCountry "GER"]

1. Nf3 g6 2. e4 Bg7 3. d4 d6 4. c4 Nc6 5. Nc3 e5 6. Be3 Bg4 7. d5 Nd4 8. Be2 Bxf3 9. Bxf3 Ne7 10. Nb5 Nxf3+ 11. Qxf3 0-0 12. 0-0 a6 13. Nc3 f5 14. b4 fxe4 15. Qxe4 Nf5 16. c5 Nxe3 17. Qxe3 Qh4 18. Ne4 Bh6 19. Qe2 Rad8 20. Rad1 Rf7 21. Rd3 Bf8 22. Rfd1 Rf4 23. Re1 Qe7 24. Rc1 Bh6 25. Rc4 dxc5 26. bxc5 Qf7 27. g3 Rf5 28. Qd1 b5 29. cxb6 cxb6 30. Rc6 Qa7 31. d6 Qb7 32. Qb3+ Kh8 33. Qxb6 Rf7 34. Qxb7 Rxb7 35. Rxa6 Rb4 36. f3 Rb2 37. d7 Bf8 38. Ng5 Bc5+ 39. Kh1 1-0

[Event "Ruhrgebiet Verbandsliga Gruppe 2 1516"]
[Site "Germany"]
[Date "2015.11.08"]
[Round "3.2"]
[White "Nautsch, Werner"]
[Black "Neumann, Carsten"]
[Result "1-0"]
[WhiteElo "2067"]
[BlackElo "1993"]
[PlyCount "93"]
[EventDate "2015.09.06"]
[EventType "team-tourn"]
[EventRounds "9"]
[EventCountry "GER"]
[SourceTitle "EXT 2022"]
[Source "ChessBase"]
[SourceDate "2021.10.06"]
[SourceVersion "1"]
[SourceVersionDate "2021.10.06"]
[SourceQuality "1"]
[WhiteTeam "Katernberg SF III"]
[BlackTeam "Brambauer"]
[WhiteTeamCountry "GER"]
[BlackTeamCountry "GER"]

1. f4 g6 2. Nf3 d6 3. g3 Bg7 4. Bg2 f6 5. d4 e6 6. e4 Nh6 7. c4 0-0 8. Nc3 c6 9. 0-0 Nf7 10. Be3 Na6 11. Qd2 Qe7 12. Rab1 Nc7 13. b4 b6 14. Rfe1 d5 15. cxd5 cxd5 16. e5 Bb7 17. a4 Rfb8 18. exf6 Bxf6 19. Bh3 Nd6 20. Qe2 Qg7 21. Bf2 Re8 22. Ne5 Rac8 23. Rbc1 Qe7 24. b5 a6 25. Qb2 Bxe5 26. fxe5 Nc4 27. Qb3 axb5 28. Nxb5 Nxb5 29. axb5 Rf8 30. Be3 Ra8 31. Qd1 Bc8 32. Bh6 Rf7 33. Bf1 Qd7 34. Qb3 Bb7 35. Bh3 Re8 36. Rf1 Bc8 37. Rxf7 Qxf7 38. Rf1 Qe7 39. Qf3 Bd7 40. Bg5 Qxg5 41. Qf7+ Kh8 42. Qxd7 Ra8 43. Qxe6 Qe3+ 44. Kh1 Qe4+ 45. Bg2 Qxd4 46. Bxd5 Rd8 47. Qf6# 1-0

[Event "Ruhrgebiet Verbandsliga Gruppe 1 1415"]
[Site "Germany"]
[Date "2015.03.29"]
[Round "8.2"]
[White "Nautsch, Werner"]
[Black "Quast, Marcel"]
[Result "1/2-1/2"]
[WhiteElo "2101"]
[BlackElo "2086"]
[PlyCount "124"]
[EventDate "2014.09.21"]
[EventType "team-tourn"]
[EventRounds "9"]
[EventCountry "GER"]
[SourceTitle "EXT 2022"]
[Source "ChessBase"]
[SourceDate "2021.10.06"]
[SourceVersion "1"]
[SourceVersionDate "2021.10.06"]
[SourceQuality "1"]
[WhiteTeam "Katernberg SF III"]
[BlackTeam "Gerthe Werne"]
[WhiteTeamCountry "GER"]
[BlackTeamCountry "GER"]

1. f4 f5 2. Nf3 Nf6 3. b3 g6 4. Bb2 Bg7 5. e3 0-0 6. c4 d6 7. Be2 Qe8 8. 0-0 Nbd7 9. Nc3 c6 10. d4 a5 11. Qc2 Ng4 12. Nd1 Ndf6 13. h3 Nh6 14. Ng5 Nf7 15. Nxf7 Rxf7 16. Nf2 Bd7 17. Bf3 a4 18. bxa4 Qb8 19. Bc3 Be6 20. Bd2 Qa7 21. a5 Rff8 22. Rab1 Bf7 23. g4 e5 24. fxe5 dxe5 25. dxe5 Nd7 26. Nd3 f4 27. Nxf4 Nxe5 28. Be2 g5 29. Nd3 Bg6 30. c5 Rfd8 31. Qb3+ Kh8 32. Nxe5 Bxe5 33. Rbd1 Qxc5 34. Bb4 Qa7 35. Rxd8+ Rxd8 36. Be7 Re8 37. Bxg5 Qxa5 38. Qxb7 Qxa2 39. Qa6 Qd5 40. Qc4 Bh2+ 41. Kxh2 Qxg5 42. Qd4+ Qe5+ 43. Qxe5+ Rxe5 44. Rf3 Kg7 45. Kg3 h5 46. Kf2 h4 47. Rf4 Ra5 48. Rc4 Ra2 49. Kf3 Bf7 50. Rd4 Rc2 51. Bd3 Rh2 52. Bf1 Rc2 53. g5 Bh5+ 54. Ke4 Rf2 55. Ba6 Bg6+ 56. Ke5 Rf5+ 57. Kd6 Rxg5 58. Rxh4 Rd5+ 59. Kxc6 Re5 60. Rg4 Re6+ 61. Kb7 Rxe3 62. h4 Re4 1/2-1/2

[Event "Ruhrgebiet Verbandsliga Gruppe 1 1415"]
[Site "Germany"]
[Date "2015.01.18"]
[Round "5.2"]
[White "Schulz, Hartmut"]
[Black "Nautsch, Werner"]
[Result "1-0"]
[WhiteElo "2055"]
[BlackElo "2101"]
[PlyCount "63"]
[EventDate "2014.09.21"]
[EventType "team-tourn"]
[EventRounds "9"]
[EventCountry "GER"]
[SourceTitle "EXT 2022"]
[Source "ChessBase"]
[SourceDate "2021.10.06"]
[SourceVersion "1"]
[SourceVersionDate "2021.10.06"]
[SourceQuality "1"]
[WhiteTeam "Brambauer"]
[BlackTeam "Katernberg SF III"]
[WhiteTeamCountry "GER"]
[BlackTeamCountry "GER"]

1. d4 g6 2. Nf3 Bg7 3. c3 d6 4. Bg5 c6 5. e3 Qb6 6. Qb3 Nd7 7. Nbd2 Ngf6 8. Qa3 0-0 9. Be2 h6 10. Bh4 g5 11. Bg3 Nh5 12. 0-0-0 Ndf6 13. e4 Nxg3 14. hxg3 Ng4 15. Rdf1 c5 16. d5 Bd7 17. Nh2 Nxh2 18. Rxh2 a5 19. f4 gxf4 20. gxf4 f5 21. exf5 Bxf5 22. Qa4 Qc7 23. g4 Bd7 24. Qe4 Rae8 25. Bd3 Rf6 26. Qh7+ Kf8 27. g5 Rf7 28. Bg6 Bf5 29. Bxf5 Bxc3 30. Qxh6+ Bg7 31. Qe6 Qb6 32. Bg6 1-0

[Event "Ruhrgebiet Verbandsliga Gruppe 1 1415"]
[Site "Germany"]
[Date "2014.11.16"]
[Round "3"]
[White "Hassenrueck, Helmut"]
[Black "Nautsch, Werner"]
[Result "1-0"]
[WhiteElo "2163"]
[BlackElo "2101"]
[PlyCount "42"]
[EventDate "2014.09.21"]
[EventType "team-tourn"]
[EventRounds "9"]
[EventCountry "GER"]
[SourceTitle "EXT 2022"]
[Source "ChessBase"]
[SourceDate "2021.10.06"]
[SourceVersion "1"]
[SourceVersionDate "2021.10.06"]
[SourceQuality "1"]
[WhiteTeam "Gladbeck SG"]
[BlackTeam "Katernberg SF III"]
[WhiteTeamCountry "GER"]
[BlackTeamCountry "GER"]

1. d4 g6 2. e4 Bg7 3. Nc3 d6 4. f4 c6 5. Nf3 Bg4 6. Be3 h5 7. e5 dxe5 8. dxe5 Qxd1+ 9. Rxd1 f6 10. Be2 Nd7 11. h3 Bxf3 12. Bxf3 Rc8 13. e6 Nb6 14. f5 Bh6 15. Bc5 Bf4 16. 0-0 Be5 17. Be4 gxf5 18. Rxf5 Nc4 19. Rd7 Nxb2 20. Ne2 Na4 21. Bxa7 Rd8 1-0

[Event "Schleswig Holstein-ch Seniors op"]
[Site "Buesum"]
[Date "2014.10.02"]
[Round "8"]
[White "Trefzer, Erhard"]
[Black "Nautsch, Werner"]
[Result "0-1"]
[WhiteElo "2037"]
[BlackElo "2199"]
[PlyCount "98"]
[EventDate "2014.09.25"]
[EventType "swiss"]
[EventRounds "9"]
[EventCountry "GER"]
[SourceTitle "EXT 2018"]
[Source "ChessBase"]
[SourceDate "2017.10.13"]
[SourceVersion "1"]
[SourceVersionDate "2017.10.13"]
[SourceQuality "1"]

1. e4 e6 2. d4 d5 3. Nd2 Nf6 4. e5 Nfd7 5. f4 c5 6. c3 Nc6 7. Ndf3 Qb6 8. Ne2 Be7 9. g3 0-0 10. Bh3 f5 11. 0-0 a5 12. a4 Qa6 13. Be3 b5 14. dxc5 bxa4 15. Rxa4 Nxc5 16. Bxc5 Bxc5+ 17. Ned4 Nxd4 18. Nxd4 Bd7 19. Ra1 Qb6 20. Rf2 a4 21. Bf1 Rfb8 22. Kg2 Ra7 23. Rd2 Rab7 24. Ra2 Qc7 25. Be2 Bxd4 26. cxd4 Rb4 27. Kf2 Qb6 28. Kg2 Rc8 29. Kf2 h6 30. Kg2 Bb5 31. Bxb5 Qxb5 32. g4 fxg4 33. Qxg4 Qd7 34. Ra3 Rcc4 35. Rad3 Qf7 36. h4 h5 37. Qg5 Kh7 38. Kf2 Qg6 39. Qxg6+ Kxg6 40. Ke3 Rc1 41. Rg2+ Kh6 42. Kf3 Rb1 43. f5 Rf1+ 44. Ke3 Rxf5 45. Rc3 g5 46. Rgc2 gxh4 47. Rc6 Rb3+ 48. Ke2 h3 49. Rxe6+ Kg5 0-1

[Event "EU-chT Seniors 15th"]
[Site "Dresden"]
[Date "2013.07.26"]
[Round "7"]
[White "Nautsch, Werner"]
[Black "Byway, Paul V"]
[Result "1/2-1/2"]
[WhiteElo "2206"]
[BlackElo "2140"]
[PlyCount "112"]
[EventDate "2013.07.20"]
[EventType "team-swiss"]
[EventRounds "9"]
[EventCountry "GER"]
[SourceTitle "CBM 155 Extra"]
[Source "ChessBase"]
[SourceDate "2013.08.26"]
[SourceVersion "1"]
[SourceVersionDate "2013.08.26"]
[SourceQuality "1"]
[WhiteTeam "Katernberg"]
[BlackTeam "England"]
[WhiteTeamCountry "GER"]
[BlackTeamCountry "ENG"]

1. f4 Nf6 2. Nf3 c5 3. b3 d5 4. e3 Nc6 5. Bb5 Bd7 6. Bb2 e6 7. 0-0 Qc7 8. Qe2 Bd6 9. Bxc6 Bxc6 10. Ne5 0-0 11. d3 Nd7 12. Nxc6 Qxc6 13. Qg4 e5 14. Nd2 f5 15. Qf3 exf4 16. exf4 Rae8 17. Rae1 Re7 18. Rxe7 Bxe7 19. c4 d4 20. Qxc6 bxc6 21. Re1 Bd6 22. g3 Kf7 23. Nf3 h6 24. Kf2 g6 25. Bc1 Re8 26. Rxe8 Kxe8 27. Bd2 Kf8 28. Ba5 a6 29. Bd2 Ke8 30. Bc1 Kf7 31. Ba3 Ke6 32. Ne1 Bc7 33. Nc2 Ba5 34. Ke2 Kf7 35. Bb2 Bd8 36. b4 cxb4 37. Bxd4 a5 38. Be3 c5 39. d4 Be7 40. Kd3 cxd4 41. Nxd4 Bc5 42. Nc6 a4 43. Bd2 Bg1 44. Nxb4 Nc5+ 45. Ke2 Bxh2 46. Be1 Ne4 47. Kf3 Bg1 48. Nd3 Bd4 49. g4 Bc3 50. gxf5 gxf5 51. Bxc3 Nxc3 52. a3 Nb1 53. Nb2 Nxa3 54. c5 Ke6 55. Nxa4 Kd5 56. Kg3 Nc2 1/2-1/2

[Event "EU-chT Seniors 15th"]
[Site "Dresden"]
[Date "2013.07.23"]
[Round "4"]
[White "Nautsch, Werner"]
[Black "Dueckstein, Andreas"]
[Result "1/2-1/2"]
[WhiteElo "2206"]
[BlackElo "2192"]
[PlyCount "52"]
[EventDate "2013.07.20"]
[EventType "team-swiss"]
[EventRounds "9"]
[EventCountry "GER"]
[SourceTitle "CBM 155 Extra"]
[Source "ChessBase"]
[SourceDate "2013.08.26"]
[SourceVersion "1"]
[SourceVersionDate "2013.08.26"]
[SourceQuality "1"]
[WhiteTeam "Katernberg"]
[BlackTeam "Vienna"]
[WhiteTeamCountry "GER"]
[BlackTeamCountry "AUT"]

1. c4 e5 2. Nc3 Nf6 3. d3 d5 4. cxd5 Nxd5 5. g3 Nc6 6. Bg2 Be6 7. Nf3 Be7 8. 0-0 0-0 9. Bd2 f6 10. a3 Qd7 11. Re1 Rfe8 12. Rc1 Nxc3 13. Bxc3 Nd4 14. e3 Nb3 15. Rb1 c5 16. d4 e4 17. Nd2 Nxd2 18. Qxd2 f5 19. Rbc1 Rac8 20. dxc5 Qxd2 21. Bxd2 Rxc5 22. Bc3 Rec8 23. Rcd1 Rd5 24. Rxd5 Bxd5 25. Rd1 Rd8 26. Bf1 Bb3 1/2-1/2

[Event "Ruhrgebiet VK2 1213"]
[Site "Nordrheinwestfalen"]
[Date "2013.02.03"]
[Round "6"]
[White "Henn, Marcus"]
[Black "Nautsch, Werner"]
[Result "1-0"]
[WhiteElo "2058"]
[BlackElo "2086"]
[PlyCount "57"]
[EventDate "2012.09.02"]
[EventType "team-tourn"]
[EventRounds "9"]
[EventCountry "GER"]
[SourceTitle "EXT 2020"]
[Source "ChessBase"]
[SourceDate "2019.10.17"]
[SourceVersion "1"]
[SourceVersionDate "2019.10.17"]
[SourceQuality "1"]
[WhiteTeam "Castrop Rauxel II"]
[BlackTeam "Katernberg SF III"]
[WhiteTeamCountry "GER"]
[BlackTeamCountry "GER"]

1. d4 d5 2. c4 c6 3. cxd5 cxd5 4. Nc3 Nf6 5. Bf4 a6 6. e3 Nc6 7. Bd3 g6 8. h3 Bg7 9. Nf3 0-0 10. 0-0 Re8 11. Rc1 Nh5 12. Bh2 e5 13. dxe5 Nxe5 14. Be2 Nxf3+ 15. Bxf3 Bxc3 16. Rxc3 Nf6 17. Bc7 Qd7 18. Qd4 Ne4 19. Rcc1 Qf5 20. Rfd1 Be6 21. Qb6 Qg5 22. Bxe4 dxe4 23. Rc5 Qe7 24. Bd6 Qd8 25. Rc7 Bc8 26. Rd4 Qg5 27. Bf4 Qf5 28. g4 Qb5 29. Qf6 1-0

[Event "Ruhrgebiet VK2 1213"]
[Site "Nordrheinwestfalen"]
[Date "2013.01.13"]
[Round "5"]
[White "Nautsch, Werner"]
[Black "Harms, Andreas"]
[Result "1/2-1/2"]
[WhiteElo "2086"]
[BlackElo "2056"]
[PlyCount "56"]
[EventDate "2012.09.02"]
[EventType "team-tourn"]
[EventRounds "9"]
[EventCountry "GER"]
[SourceTitle "EXT 2020"]
[Source "ChessBase"]
[SourceDate "2019.10.17"]
[SourceVersion "1"]
[SourceVersionDate "2019.10.17"]
[SourceQuality "1"]
[WhiteTeam "Katernberg SF III"]
[BlackTeam "Holsterhausen SK II"]
[WhiteTeamCountry "GER"]
[BlackTeamCountry "GER"]

1. d4 g6 2. c4 Bg7 3. Nc3 d6 4. e4 Nf6 5. f3 0-0 6. Be3 e5 7. Nge2 Nfd7 8. Qd2 exd4 9. Nxd4 Ne5 10. 0-0-0 Nbc6 11. f4 Nxd4 12. Bxd4 Nc6 13. Bxg7 Kxg7 14. Be2 Bd7 15. c5 Be6 16. cxd6 cxd6 17. Qxd6 Qb6 18. Rhe1 Rfd8 19. Qa3 Qe3+ 20. Kb1 Rxd1+ 21. Rxd1 Qxf4 22. Qd6 Qe3 23. Qd2 Qc5 24. Nd5 Re8 25. Bf3 Ne5 26. Qd4 Qxd4 27. Rxd4 Bxd5 28. Rxd5 Re7 1/2-1/2

[Event "MVP-ch Seniors op 12th"]
[Site "Binz"]
[Date "2012.12.05"]
[Round "8"]
[White "Haubt, Georg"]
[Black "Nautsch, Werner"]
[Result "1-0"]
[WhiteElo "2128"]
[BlackElo "2088"]
[PlyCount "93"]
[EventDate "2012.11.28"]
[EventType "swiss"]
[EventRounds "9"]
[EventCountry "GER"]
[SourceTitle "EXT 2014"]
[Source "ChessBase"]
[SourceDate "2013.11.20"]
[SourceVersion "1"]
[SourceVersionDate "2013.11.20"]
[SourceQuality "1"]

1. e4 c5 2. Nf3 Nc6 3. Bb5 e6 4. 0-0 Nge7 5. Re1 a6 6. Bf1 d5 7. exd5 Nxd5 8. d4 cxd4 9. Nxd4 Be7 10. Nxc6 bxc6 11. c4 Nf6 12. Qf3 Bd7 13. Nc3 0-0 14. Bf4 Qb6 15. Be5 c5 16. Bd3 Rac8 17. Qh3 g6 18. Qh6 Ne8 19. Re3 f5 20. Rh3 Rf7 21. Qxg6+ Rg7 22. Qh6 Bg5 23. Qh5 Bf6 24. Bxf6 Nxf6 25. Qe2 Rd8 26. b3 Be8 27. Re1 Rd6 28. Rg3 Bg6 29. f4 Qd8 30. Na4 Rc7 31. Bc2 Kg7 32. Qe5 Rdc6 33. Rd1 Qe7 34. Rgd3 Bh5 35. R1d2 Kh6 36. Nc3 Ng4 37. Qe1 Be8 38. h3 Nf6 39. Re3 Qf7 40. Rde2 Bd7 41. Qh4+ Kg7 42. Bxf5 Kh8 43. Bc2 Rc8 44. Re5 Rd6 45. Ne4 Nxe4 46. Bxe4 Rg8 47. Bxh7 1-0